栃木県の戦前市制・町制 - Statistics

General Stats
  • This quiz has been taken 114 times
    92 since last reset
  • The average score is 38 of 47
Answer Stats
施行日 施行内容 所属郡 回答 % Correct
1896.04.01 市制 (市) 宇都宮市
98%
1937.04.01 市制 (市) 栃木市
96%
1943.04.01 市制 (市) 佐野市
96%
1889.04.01 町制 上都賀郡 今市町
93%
1889.04.01 町制 安蘇郡 佐野町
93%
1921.01.01 市制 (市) 足利市
93%
1889.04.01 町制 上都賀郡 日光町
91%
1889.04.01 町制 芳賀郡 真岡町
91%
1889.04.01 町制 芳賀郡 茂木町
91%
1889.04.01 町制 下都賀郡 小山町
91%
1889.04.01 町制 塩谷郡 氏家町
91%
1889.04.01 町制 足利郡 足利町
91%
1912.04.01 町制 那須郡 黒磯町
91%
1889.04.01 町制 河内郡 宇都宮町
89%
1889.04.01 町制 上都賀郡 足尾町
89%
1889.04.01 町制 下都賀郡 栃木町
89%
1889.04.01 町制 那須郡 大田原町
89%
1889.04.01 町制 那須郡 烏山町
89%
1895.06.25 町制 塩谷郡 矢板町
89%
1932.04.01 町制 那須郡 西那須野町
89%
1889.04.01 町制 下都賀郡 壬生町
87%
1889.04.01 町制 塩谷郡 喜連川町
87%
1891.09.15 町制 下都賀郡 石橋町
87%
1919.04.01 町制 那須郡 塩原町
87%
1889.04.01 町制 上都賀郡 鹿沼町
84%
1889.04.01 町制 安蘇郡 田沼町
84%
1889.04.01 町制 安蘇郡 葛生町
84%
1894.03.01 町制 芳賀郡 益子町
84%
1889.04.01 町制 那須郡 黒羽町
80%
1891.05.29 町制 那須郡 馬頭町
80%
1893.07月 町制 河内郡 上三川町
80%
1935.05.05 町制 塩谷郡 藤原町
80%
1938.07.01 町制 那須郡 小川町
80%
1889.04.01 町制 下都賀郡 藤岡町
78%
1922.04.01 町制 下都賀郡 間々田町
73%
1921.04.01 町制 足利郡 御厨町
69%
1928.11.01 町制 芳賀郡 祖母井町
69%
1889.04.01 町制 安蘇郡 犬伏町
67%
1889.04.01 町制 安蘇郡 堀米町
67%
1906.11.01 町制 上都賀郡 粟野町
67%
1889.04.01 町制 芳賀郡 久下田町
64%
1889.04.01 町制 那須郡 佐久山町
64%
1889.04.01 町制 那須郡 芦野町
64%
1889.04.01 町制 那須郡 川西町
62%
1923.01.01 町制 足利郡 葉鹿町
60%
1923.01.01 町制 足利郡 小俣町
56%
1938.04.01 町制 足利郡 山辺町
51%
No matching quizzes found
Score Distribution
Percent of People with Each Score
Percentile by Number Answered
Your Score History
You have not taken this quiz since the last reset